The summing up

Uloženo v:
Podrobná bibliografie
Hlavní autor: Maugham, W. Somerset
Médium: Kniha
Jazyk:Undetermined
Vydáno: Gran Bretaña Pan Books, Ltda. 1976
Témata:
Tagy: Přidat tag
Žádné tagy, Buďte první, kdo vytvoří štítek k tomuto záznamu!

MARC

LEADER 00000nam a2200000Ia 4500
008 170316s9999 xx 000 0 und d
040 |a cru BVZT 
090 |a 820 M-13s 
100 |a Maugham, W. Somerset 
245 4 |a The summing up 
260 |a Gran Bretaña 
260 |b Pan Books, Ltda. 
260 |c 1976 
300 |a 201 páginas 
650 |a LITERATURA INGLESA 
999 |c 7003  |d 7003 
942 |c 15 D  |h 820 M-13s  |2 z